书目信息 |
| 题名: |
全国注册城市规划师执业资格考试考点采分
|
|
| 作者: | 张戈 主编 | |
| 分册: | ||
| 出版信息: | 武汉 华中科技大学出版社 2014.05 |
|
| 页数: | 11,412页 | |
| 开本: | 26cm | |
| 丛书名: | ||
| 单 册: | ||
| 中图分类: | TU984.2 | |
| 科图分类: | ||
| 主题词: | 城市规划 , 城市规划--资格考试--自学参考资料 | |
| 电子资源: | ||
| ISBN: | 978-7-5609-5229-1 | |
| 000 | 01090nam0 2200301 450 | |
| 001 | 0100140867 | |
| 005 | 20141020221748.0 | |
| 010 | @a978-7-5609-5229-1@dCNY64.00 | |
| 100 | @a20140603d2014 em y0chiy50 ea | |
| 101 | 0 | @achi |
| 101 | 11 | @achi |
| 102 | @aCN@b130000 | |
| 105 | @aa z 000yy | |
| 106 | @ar | |
| 200 | 1 | @a全国注册城市规划师执业资格考试考点采分@Aquan guo zhu ce cheng shi gui hua shi zhi ye zi ge kao shi kao dian cai fen@b专著@f张戈主编@Fzhang ge zhu bian |
| 205 | @a5版 | |
| 210 | @a武汉@c华中科技大学出版社@d2014.05 | |
| 215 | @a11,412页@c图@d26cm | |
| 330 | @a本书内容包括城市规划原理、城市规划相关知识、城市规划管理与法规、城市规划实务四部分。 | |
| 512 | 1 | @a2014全国注册城市规划师执业资格考试考点采分@92014 quan guo zhu ce cheng shi gui hua shi zhi ye zi ge kao shi kao dian cai fen |
| 540 | @a全国注册城市规划师执业资格考试考点采分 | |
| 606 | 0 | @a城市规划 |
| 606 | 0 | @a城市规划@x资格考试@j自学参考资料 |
| 690 | @aTU984.2@v5 | |
| 701 | 0 | @a张戈@Azhang ge@4主编 |
| 801 | @aCN | |
| 901 | @a001 | |
| 905 | @b1104376-8@dTU984.2@eZ101:5@f3@a241430 | |
| 全国注册城市规划师执业资格考试考点采分/张戈主编.-5版.-武汉:华中科技大学出版社,2014.05 |
| 11,412页:图;26cm |
| ISBN 978-7-5609-5229-1:CNY64.00 |
| 本书内容包括城市规划原理、城市规划相关知识、城市规划管理与法规、城市规划实务四部分。 |
| ● |
| 相关链接 |
|
|
|
正题名:全国注册城市规划师执业资格考试考点采分
索取号:TU984.2/Z101:5
 
预约/预借
| 序号 | 登录号 | 条形码 | 馆藏地/架位号 | 状态 | 备注 |
| 1 | 1104376 | 211043761 | 建筑库201/201建筑库 65排3列3层/ [索取号:TU984.2/Z101:5] | 在馆 | |
| 2 | 1104377 | 211043770 | 建筑库201/201建筑库 65排3列3层/ [索取号:TU984.2/Z101:5] | 在馆 | |
| 3 | 1104378 | 211043789 | 建筑库201/201建筑库 65排3列3层/ [索取号:TU984.2/Z101:5] | 在馆 |